Professional Cross- Platfoom Mobile Development in C# (Record no. 422224)

MARC details
000 -LEADER
fixed length control field 00242nam a2200097Ia 4500
100 ## - MAIN ENTRY--PERSONAL NAME
Personal name Scott Olson
250 ## - EDITION STATEMENT
Edition statement 2012 Ed.
245 ## - TITLE STATEMENT
Title Professional Cross- Platfoom Mobile Development in C#
260 ## - PUBLICATION, DISTRIBUTION, ETC.
Place of publication, distribution, etc. Wiley India Ltd. New Delhi
942 ## - ADDED ENTRY ELEMENTS (KOHA)
Koha item type Book

No items available.